000
00211nam a22000857a 4500
008
161201b xxu||||| |||| 00| 0 eng d
100
_9
1655
_a
Jennings.L.M
245
_a
Pinocchio
260
_a
New Delhi
_b
London L.B
_c
1993
999
_c
4368
_d
4368